书目信息 |
| 题名: |
建筑防火安全技术
|
|
| 作者: | 王学谦 主编 ;中国消防协会学术工作委员会 组织编写 | |
| 分册: | ||
| 出版信息: | 北京 化学工业出版社 2006.01 |
|
| 页数: | 514页 | |
| 开本: | 21cm | |
| 丛书名: | 实用消防安全丛书 | |
| 单 册: | ||
| 中图分类: | TU892 | |
| 科图分类: | ||
| 主题词: | 建筑物--jian zhu wu--防火系统--安全技术 | |
| 电子资源: | ||
| ISBN: | 7-5025-7513-8 | |
| 000 | 01107nam 2200253 450 | |
| 001 | 012006792437 | |
| 005 | 20060605094943.90 | |
| 010 | @a7-5025-7513-8@dCNY36.00 | |
| 100 | @a20060422d2006 km y0chiy0120 ea | |
| 101 | 0 | @achi |
| 102 | @aCN@b110000 | |
| 105 | @ay z 000yy | |
| 200 | 1 | @a建筑防火安全技术@Ajian zhu fang huo an quan ji shu@f王学谦主编@Fwang xue qian zhu bian@g中国消防协会学术工作委员会组织编写@Gzhong guo xiao fang xie hui xue shu gong zuo wei yuan hui zu zhi bian xie |
| 210 | @a北京@c化学工业出版社@d2006.01 | |
| 215 | @a514页@d21cm | |
| 225 | 2 | @a实用消防安全丛书@Ashi yong xiao fang an quan cong shu |
| 330 | @a本书内容全面、系统,严格遵守现行建筑消防技术规范的规定,吸纳了目前建筑消防工程领域的新技术和新发展,理论联系实际,突出了实用性和可操作性。 | |
| 410 | 0 | @12001 @a实用消防安全丛书 |
| 606 | 0 | @a建筑物@Ajian zhu wu@x防火系统@x安全技术 |
| 690 | @aTU892@v4 | |
| 701 | 0 | @a王学谦@Awang xue qian@4主编 |
| 712 | 02 | @a中国消防协会学术工作委员会@Azhong guo xiao fang xie hui xue shu gong zuo wei yuan hui@4组织编写 |
| 801 | 0 | @aCN@bQSSK@c20060605 |
| 905 | @a10447@dTU892@eW405 | |
| 建筑防火安全技术/王学谦主编/中国消防协会学术工作委员会组织编写.-北京:化学工业出版社,2006.01 |
| 514页;21cm.-(实用消防安全丛书) |
| ISBN 7-5025-7513-8:CNY36.00 |
| 本书内容全面、系统,严格遵守现行建筑消防技术规范的规定,吸纳了目前建筑消防工程领域的新技术和新发展,理论联系实际,突出了实用性和可操作性。 |
| ● |
| 相关链接 |
|
|
|
正题名:建筑防火安全技术
索取号:TU892/W405
 
预约/预借
| 序号 | 登录号 | 条形码 | 馆藏地/架位号 | 状态 | 备注 |
| 1 | 558643 | 205586436 | 建筑库201/201建筑库 56排1列2层/ [索取号:TU892/W405] | 在馆 | |
| 2 | 558644 | 205586445 | 建筑库201/201建筑库 56排1列2层/ [索取号:TU892/W405] | 在馆 | |
| 3 | 558645 | 205586454 | 建筑库201/201建筑库 56排1列2层/ [索取号:TU892/W405] | 在馆 | |
| 4 | 605726 | 206057265 | 建筑库201/201建筑库 56排1列2层/ [索取号:TU892/W405] | 在馆 | |
| 5 | 605727 | 206057274 | 建筑库201/201建筑库 56排1列2层/ [索取号:TU892/W405] | 在馆 | |
| 6 | 605728 | 206057283 | 建筑库201/201建筑库 56排1列2层/ [索取号:TU892/W405] | 在馆 |